LDR 00945naa#a2200157#i#450# 001 RU\\bibl\19503 005 20260516081417.6 100 ## _a20260515b2026####ek#y0rusy0150####ca 102 ## _aRU 200 1# _aДРЕВЕСНО-ДЕКОРАТИВНЫЕ ПИТОМНИКИ ЯПОНИИ: ТРАДИЦИИ, СОВРЕМЕННОСТЬ, ТЕХНОЛОГИИ _eСтатья/тезисы конференции 210 1# _aВоронеж _cВоронежский государственный лесотехнический университет имени Г.Ф. Морозова _d2026 215 ## _a9 с. 608 ## _aСтатья/тезисы конференции _2local 675 ## _aПитомники. 635.037 _aДекоративные растения открытого грунта. 635.92 _aОбрезка растений в определенных целях. 631.542.3 _z 700 #1 _aЦепляев _gАлексей Николаевич 856 4# _abibl.vgltu.ru _u